000 00541nam a2200181Ia 4500
008 100920s9999 xx 000 0 und d
082 _b45714
_a891.463.1 थ 82
100 _aगोखले अरविंद.
245 _aवरात.
260 _bकोपर्डेकर संपदा श्याम, पुणें 30.
_c1982
300 _a142
_bसाधी
365 _b18
520 _aलघुकथा.
630 _aवरात.
650 _aलघुकथा.
730 _aवरात.
942 _cBOOK
999 _c693875
_d693872